Statistics for Countries Starting With F,I,S,H

Click here to take the quiz!

General Stats

  • This quiz has been taken 21 times
  • The average score is 31 of 41

Answer Stats

Answer% Correct
France
100%
Finland
94%
Honduras
94%
Iceland
94%
India
94%
Ireland
94%
South Africa
94%
South Korea
94%
Hungary
88%
Iran
88%
Iraq
88%
Spain
88%
Sweden
88%
Fiji
81%
Indonesia
81%
Italy
81%
Senegal
81%
South Sudan
81%
Haiti
75%
Saint Kitts and Nevis
75%
Saint Lucia
75%
Saint Vincent and the Grenadines
75%
Slovakia
75%
Slovenia
75%
Somalia
75%
Sudan
75%
Saudi Arabia
69%
Sierra Leone
69%
Suriname
69%
Switzerland
69%
Israel
63%
Federated States of Micronesia
56%
Ivory Coast
56%
Samoa
56%
Seychelles
56%
Singapore
56%
Solomon Islands
56%
San Marino
50%
Serbia
50%
Sri Lanka
44%
Sao Tome and Principe
38%

Score Distribution

Percentile by Number Answered

Percent of People with Each Score

Your Score History

You have not taken this quiz